| 000 | 00621nam a2200205 a 4500 | ||
|---|---|---|---|
| 005 | 20230526063529.0 | ||
| 008 | 040504s2002 mx r 000 0 spa d | ||
| 020 | _a8420691089 | ||
| 035 | _aUPN01000133290 | ||
| 049 | _aCG | ||
| 050 | 4 |
_aHM851 _bM6.3 |
|
| 100 | 1 | _aMounier, Pierre | |
| 245 | 1 | 4 |
_aLos dueños de la red : _buna historia política de Internet / _cPierre Mounier. |
| 260 |
_aMadrid : _bPopular, _c[2002]. |
||
| 300 | _a246 p. | ||
| 534 |
_pTraducción de: _tLes maitres du réseau |
||
| 650 | 7 |
_aInternet _xAspectos políticos _2 _913943 |
|
| 650 | 4 |
_aInternet _xAspectos sociales _96033 |
|
| 905 | _aLibro | ||
| 999 |
_c105442 _d105442 |
||